Visual cortex (Record no. 32394)
[ view plain ]
| 000 -LEADER | |
|---|---|
| fixed length control field | 02355nam a2200373 a 4500 |
| 082 04 - DEWEY DECIMAL CLASSIFICATION NUMBER | |
| Classification number | 548/.842 |
| 245 00 - TITLE STATEMENT | |
| Title | Visual cortex |
| 260 ## - PUBLICATION, DISTRIBUTION, ETC. (IMPRINT) | |
| Place of publication | Hauppauge, N.Y. : |
| Name of publisher | Nova Science Publishers, |
| Year of publication | c2012. |
| 300 ## - PHYSICAL DESCRIPTION | |
| Number of Pages | xii, 205 p. : |
| Other physical details | ill. (some col.). |
| 490 1# - SERIES STATEMENT | |
| Series statement | Neuroscience research progress |
| Series statement | Neurology--laboratory and clinical research developments |
| 505 0# - FORMATTED CONTENTS NOTE | |
| Formatted contents note | Biophysical mechanisms underlying the critical period of visual cortical plasticity : a modeling study / Shigeru Kubota -- Electrophysiological assessment of the human visual system / Takao Yamasaki ... [et al.] -- Plasticity of visual cortical circuitries in adulthood / Jos�e Fernando Maya-Vetencourt -- The visual cortex in Alzheimer's disease : laminar distribution of the pathological changes in visual areas V1 and V2 / Richard A. Armstrong -- A visual computational model and its neural computation based on inner product in the primary visual cortex / Zhao Songnian ... [et al.] -- Bioluminescence imaging of arc expression detects activity-dependent and plastic changes in the visual cortex of adult mice / Hisashi Mori, Hironori Izumi -- Molecular signatures of parallel pathways in the visual thalamus / Hiroshi Kawasaki ... [et al.]. |
| 650 #0 - SUBJECT ADDED ENTRY--TOPICAL TERM | |
| Topical Term | Visual cortex. |
| 700 1# - ADDED ENTRY--PERSONAL NAME | |
| Personal name | Harris, Jessica M. |
| Personal name | Scott, Jason. |
| 856 40 - ELECTRONIC LOCATION AND ACCESS | |
| Uniform Resource Identifier | http://site.ebrary.com/lib/rucke/Doc?id=10683103 |
No items available.
